| 000 | 00810nam a22002297a 4500 | ||
|---|---|---|---|
| 999 |
_c70214 _d70214 |
||
| 003 | NUST - PNEC | ||
| 005 | 20180709054450.0 | ||
| 008 | 151007b xxu||||| |||| 00| 0 eng d | ||
| 020 |
_a9693517334 _cRs. 210 |
||
| 020 | _a9789693517330 | ||
| 038 | _aArshad | ||
| 040 | _cLIBRARY | ||
| 082 |
_a910.4 _bMUS |
||
| 100 |
_914275 _aMustansar Hussain Tarar |
||
| 245 |
_aRatti Gali _cMustansar Hussain Tarar |
||
| 260 |
_aLahore: _bSang-e-Meel Publications, _c2011 |
||
| 650 |
_914276 _aUrdu Literature, Travelogue _xGeneral |
||
| 880 |
_6100-01\(3\r _aمستنصر حسین تارڑ |
||
| 880 |
_6245-02\(3\r _aرتی گلی: _bوادی کاغان اور آزاد کشمیر _cمستنصر حسین تارڑ |
||
| 880 |
_6260-03\(3\r _aلاہور: _bسنگ میل پبلی کیشنز، _c2007 |
||
| 942 |
_2ddc _cBK |
||